Asijská inspirace: Ztráta tváře je horší než stráta peněz

Porovnenie firemnej kultúry českých firiem a ázijských spoločností.

Saved in:
Bibliographic Details
Main Author: Červenková, Alena
Format: Book Chapter
Language:Czech
Subjects:
Tags: Add Tag
No Tags, Be the first to tag this record!

MARC

LEADER 00000naa a2200000 4500
001 0192696
005 20231113134756.5
041 0 |a cze 
044 |a CZ 
245 1 0 |a Asijská inspirace: Ztráta tváře je horší než stráta peněz  |c Alena Červenková 
520 |a Porovnenie firemnej kultúry českých firiem a ázijských spoločností. 
610 2 0 |a kultúra podniková 
610 2 0 |a kultúra podnikania 
610 2 0 |a Thajsko 
610 2 0 |a Japonsko 
610 2 0 |a Kórea 
100 1 |a Červenková, Alena